000 01826nam a22002897a 4500
001 1614
003 FISKH
005 20230912094923.0
008 230911b cb ||||| |||| 00| 0 khr d
020 _a9789996305887
040 _aFISKH
_beng
_cFISKH
_dFISKH
082 _a152.42
100 _aDavy, Pierre
245 _aស្នាមញញឹមអាទិទេព /
_bកម្ពុជា ឆ្នាំ១៩៤១-១៩៤៥
_cបកប្រែពីភាសាបារាំងដោយ ស៊ុនហេង ម់េងឈាង - រូបភាពលើក្របដោយ សេង វិសាល
250 _aបោះពុម្ពលើកទី ៣ កញ្ញា ២០២១
260 _aParis :
_bSipar,
_c2005.
300 _a134 pages :
_billustrations ;
_c19 cm
490 _aអក្សសិល្ប៍យុវវ័យ
505 _aZ'
520 _aJean De La Chazalière បោះបង់ចោលកងទ័ពបារាំងបន្ទាប់ពីការដួលរលំនៃប្រទេសបារាំងនៅឆ្នាំ 1940 ហើយបានបង្ខិតបង្ខំការសហការរបស់អាជ្ញាធរអាណានិគមរដ្ឋ Vichy បារាំងជាមួយកងកម្លាំងជប៉ុនដែលកាន់កាប់ប្រទេសកម្ពុជា។
520 _aJean De La Chazalière deserts the French Army after the Fall of France in 1940 and coerced collaboration of the Vichy French rump state colony authorities with Japanese forces who occupy Cambodia.
521 8 _a920
_bLexile estimate
521 8 _aZ'
_bRaz-Plus
700 _aMengchheang, Sunheng
_eTranslator
700 _aVisal, Seng
_eillustrator
942 _2ddc
_cKHB
_n0
999 _c1614
_d1614